FC Séville - joueurs à plus de 100 matchs - Statistiques

Statistiques générales
  • Ce quiz a été pris 64 fois
  • Le résultat moyen est 6 sur 29
Statistiques - réponses
Joueurs Matchs % Correct
Jésus Navas 589
75%
Ivan Rakitic 198
70%
Wissam Ben Yedder 138
53%
Ever Banega 234
42%
Kévin Gameiro 145
42%
Frédéric Kanouté 290
35%
Sergio Rico 170
33%
Alvaro Negredo 182
28%
Julien Escudé 238
26%
Steven Nzonzi 136
26%
Carlos Bacca 108
21%
Vitolo 177
19%
José Antonio Reyes 253
18%
Sergio Escudero 148
18%
Luis Fabiano 229
16%
Pablo Sarabia 151
16%
Coke 173
14%
Andrés Palop 295
11%
Daniel Carrico 167
11%
Vicente Iborra 172
11%
Fernando Navarro 251
9%
Franco Vazquez 175
9%
Frédérico Fazio 204
7%
Gary Medel 100
5%
Diego Capel 173
4%
Gabriel Mercado 117
4%
Nicolas Pareja 121
4%
Diego Perotti 161
2%
Romaric N'Dri 121
2%
Aucun quiz correspondant
Distribution des résultats
% des personnes avec chaque résultat
Percentile par nombre de réponses
Votre historique - résultats
Vous n’avez pas pris ce quiz